Kannadvanmayavikase sanskratasya prabhav. (Record no. 103456)

MARC details
000 -LEADER
fixed length control field 00658nam a2200193Ia 4500
003 - CONTROL NUMBER IDENTIFIER
control field OSt
005 - DATE AND TIME OF LATEST TRANSACTION
control field 20260605103653.0
008 - FIXED-LENGTH DATA ELEMENTS--GENERAL INFORMATION
fixed length control field 210210b1999 xxu||||| |||| 00| 0 eng d
040 ## - CATALOGING SOURCE
Transcribing agency AL
041 ## - LANGUAGE CODE
Language code of text/sound track or separate title Sanskrit
082 ## - DEWEY DECIMAL CLASSIFICATION NUMBER
Classification number S891.8 HEGK
100 ## - MAIN ENTRY--PERSONAL NAME
Personal name HEGADE (Gurupad K).
Dates associated with a name गुरुपाद के. हेगडे
9 (RLIN) 265296
245 ## - TITLE STATEMENT
Title Kannadvanmayavikase sanskratasya prabhav.
Remainder of title कन्नडवाङ्मयविकासे संस्कृतस्य प्रभावः
260 ## - PUBLICATION, DISTRIBUTION, ETC.
Place of publication, distribution, etc. Shimoga
Name of publisher, distributor, etc. Malnad Research Academy (R.)
Date of publication, distribution, etc. 1999
300 ## - PHYSICAL DESCRIPTION
Extent vii,81
690 ## - LOCAL SUBJECT ADDED ENTRY--TOPICAL TERM (OCLC, RLIN)
Topical term or geographic name as entry element Sanskrit Miscellaneous
9 (RLIN) 265297
906 ## - LOCAL DATA ELEMENT F, LDF (RLIN)
a 055841
942 ## - ADDED ENTRY ELEMENTS (KOHA)
Source of classification or shelving scheme Dewey Decimal Classification
Koha item type Book
Holdings
Withdrawn status Lost status Source of classification or shelving scheme Damaged status Not for loan Collection code Home library Current library Shelving location Date acquired Source of acquisition Cost, normal purchase price Total Checkouts Full call number Barcode Date last seen Price effective from Koha item type
    Dewey Decimal Classification     Sanskrit St Aloysius Library St Aloysius Library   02/17/2021 Pro. Gurupada Ke Hegade,Sagara 60.00   S891.8 HEGK 055841 02/17/2021 02/17/2021 Book